[Event "5th Ordu Open 2019"]
[Site "Ordu"]
[Date "2019.04.30"]
[Round "2.11"]
[White "Neverov, Valeriy"]
[Black "Dogan, Nazmi Can"]
[Result "1/2-1/2"]
[WhiteElo "2495"]
[BlackElo "2214"]
[Annotator "RC"]
[PlyCount "120"]
[EventDate "2019.04.29"]
[EventType "swiss"]
[EventCountry "TUR"]
[SourceTitle "playchess.com"]
[Source "ChessBase"]
[SourceQuality "1"]
[TimeControl "5400+30"]

1. d4 {[%emt 0:00:30]} Nf6 {[%emt 0:07:30]} 2. Nf3 {[%emt 0:00:30]} g6 {[%emt 0:00:30]} 3. c4 {[%emt 0:00:30]} Bg7 {[%emt 0:00:30]} 4. g3 {[%emt 0:00:30]} O-O {[%emt 0:00:30]} 5. Bg2 {[%emt 0:00:30]} d6 {[%emt 0:00:00]} 6. O-O {[%emt 0:00:00]} c6 {[%emt 0:00:00]} 7. Nc3 {[%emt 0:03:00]} Bf5 {[%emt 0:00:30]} 8. b3 {[%emt 0:15:30]} Ne4 {[%emt 0:00:30]} 9. Bb2 {[%emt 0:00:00]} Nxc3 {[%emt 0:02:30]} 10. Bxc3 {[%emt 0:00:00]} Be4 {[%emt 0:00:30]} 11. e3 {[%emt 0:00:00]} Nd7 {[%emt 0:01:30]} 12. Qe2 {[%emt 0:04:00]} e6 {[%emt 0:11:30]} 13. Rac1 {[%emt 0:09:30]} a5 {[%emt 0:14:30]} 14. Bh3 {[%emt 0:07:30]} Bxf3 {[%emt 0:02:30]} 15. Qxf3 {[%emt 0:00:30]} d5 {[%emt 0:00:30]} 16. e4 {[%emt 0:18:30]} Nf6 {[%emt 0:09:30]} 17. exd5 {[%emt 0:04:30]} exd5 {[%emt 0:02:30]} 18. Qd3 {[%emt 0:01:30]} a4 {[%emt 0:09:30]} 19. Rfd1 {[%emt 0:08:30]} Re8 {[%emt 0:08:30]} 20. Be1 {[%emt 0:07:41]} Qe7 {[%emt 0:04:30]} 21. Bf1 {[%emt 0:04:19]} Qa3 {[%emt 0:12:16]} 22. Qc2 {[%emt 0:01:28]} axb3 {[%emt 0:01:42]} 23. axb3 {[%emt 0:00:02]} h5 {[%emt 0:05:15]} 24. Rb1 {[%emt 0:02:53]} h4 {[%emt 0:00:59]} 25. Bg2 {[%emt 0:02:27]} hxg3 {[%emt 0:00:30]} 26. hxg3 {[%emt 0:00:00]} Re6 {[%emt 0:02:21]} 27. Bc3 {[%emt 0:07:49]} Qd6 {[%emt 0:00:51]} 28. Re1 {[%emt 0:00:48]} Rae8 {[%emt 0:00:30]} 29. Rxe6 {[%emt 0:00:30]} Rxe6 {[%emt 0:00:00]} 30. Ra1 {[%emt 0:00:43]} Qe7 {[%emt 0:00:54]} 31. Bf3 {[%emt 0:00:46]} Ne4 {[%emt 0:00:18]} 32. cxd5 {[%emt 0:00:33]} cxd5 {[%emt 0:00:30]} 33. Qd3 {[%emt 0:00:00]} Rc6 {[%emt 0:00:33]} 34. Be1 {[%emt 0:00:39]} Qe6 {[%emt 0:00:42]} 35. Bg2 {[%emt 0:00:59]} Kh7 {[%emt 0:00:21]} 36. Rd1 {[%emt 0:00:19]} f5 {[%emt 0:01:43]} 37. f3 {[%emt 0:00:31]} Nf6 {[%emt 0:00:20]} 38. Bf2 {[%emt 0:00:30]} Qc8 {[%emt 0:00:00]} 39. Re1 {[%emt 0:00:34]} Rc1 {[%emt 0:00:06]} 40. Bf1 {[%emt 0:00:26]} Bf8 {[%emt 0:01:28]} 41. Kg2 {[%emt 0:00:24]} Qc7 {[%emt 0:00:27]} 42. Qb5 {[%emt 0:00:30]} Bd6 {[%emt 0:00:00]} 43. Bd3 {[%emt 0:00:35]} Nh5 {[%emt 0:00:37]} 44. Qxd5 {[%emt 0:00:30]} Bxg3 {[%emt 0:00:21]} 45. Qc4 {[%emt 0:00:05]} Qd6 {[%emt 0:01:36]} 46. Qc5 {[%emt 0:00:17]} Nf4+ {[%emt 0:00:32]} 47. Kxg3 {[%emt 0:00:30]} Qxc5 {[%emt 0:00:00]} 48. dxc5 {[%emt 0:00:38]} Nxd3 {[%emt 0:00:00]} 49. f4 {[%emt 0:00:50]} Kg8 {[%emt 0:00:00]} 50. Be3 {[%emt 0:00:40]} Kf7 {[%emt 0:00:01]} 51. Kh4 {[%emt 0:00:25]} Nb4 {[%emt 0:02:01]} 52. Bd2 {[%emt 0:00:30]} Nd5 {[%emt 0:00:00]} 53. b4 {[%emt 0:00:12]} Nf6 {[%emt 0:00:00]} 54. b5 {[%emt 0:01:08]} Ne4 {[%emt 0:00:01]} 55. c6 {[%emt 0:00:41]} bxc6 {[%emt 0:00:30]} 56. bxc6 {[%emt 0:00:00]} Ke7 {[%emt 0:00:39]} 57. Bb4+ {[%emt 0:00:30]} Kd8 {[%emt 0:00:30]} 58. Ba5+ {[%emt 0:00:02]} Ke7 {[%emt 0:00:00]} 59. Bb4+ {[%emt 0:01:23]} Kd8 {[%emt 0:00:21]} 60. Ba5+ {[%emt 0:00:30]} Ke7 {[%emt 0:00:00]} 1/2-1/2

[Event "5th Ordu Open 2019"]
[Site "Ordu"]
[Date "2019.04.30"]
[Round "2.12"]
[White "Hamidi, Amir Mohammad"]
[Black "Mazur, Stefan"]
[Result "1/2-1/2"]
[WhiteElo "2217"]
[BlackElo "2435"]
[Annotator "ChessBase"]
[PlyCount "108"]
[EventDate "2019.04.29"]
[EventType "swiss"]
[EventCountry "TUR"]
[SourceTitle "playchess.com"]
[Source "ChessBase"]
[SourceQuality "1"]
[TimeControl "5400+30"]

1. e4 {[%emt 0:03:30]} e5 {[%emt 0:00:30]} 2. Nf3 {[%emt 0:00:30]} Nc6 {[%emt 0:00:30]} 3. Nc3 {[%emt 0:00:30]} Nf6 {[%emt 0:00:30]} 4. d4 {[%emt 0:00:30]} exd4 {[%emt 0:00:30]} 5. Nxd4 {[%emt 0:00:30]} Bb4 {[%emt 0:00:30]} 6. Nxc6 {[%emt 0:00:30]} bxc6 {[%emt 0:00:30]} 7. Bd3 {[%emt 0:00:00]} d5 {[%emt 0:00:00]} 8. exd5 {[%emt 0:00:00]} O-O {[%emt 0:00:00]} 9. O-O {[%emt 0:00:00]} cxd5 {[%emt 0:00:00]} 10. h3 {[%emt 0:00:00]} c6 {[%emt 0:00:00]} 11. Qf3 {[%emt 0:00:30]} Bd6 {[%emt 0:09:30]} 12. Bf4 {[%emt 0:00:30]} Rb8 {[%emt 0:01:30]} 13. b3 {[%emt 0:04:30]} Bxf4 {[%emt 0:05:30]} 14. Qxf4 {[%emt 0:00:30]} Be6 {[%emt 0:00:30]} 15. Na4 {[%emt 0:05:30]} Qa5 {[%emt 0:00:30]} 16. Qd6 {[%emt 0:01:30]} Rbc8 {[%emt 0:08:30]} 17. Qc5 {[%emt 0:04:30]} Qc7 {[%emt 0:00:30]} 18. b4 {[%emt 0:00:00]} Nd7 {[%emt 0:05:30]} 19. Qd4 {[%emt 0:00:00]} c5 {[%emt 0:01:30]} 20. Nxc5 {[%emt 0:00:30]} Nxc5 {[%emt 0:00:00]} 21. Qxc5 {[%emt 0:00:30]} Qxc5 {[%emt 0:00:00]} 22. bxc5 {[%emt 0:00:30]} Rxc5 {[%emt 0:00:30]} 23. Rfb1 {[%emt 0:00:30]} g6 {[%emt 0:02:30]} 24. Rb5 {[%emt 0:02:30]} Rxb5 {[%emt 0:04:30]} 25. Bxb5 {[%emt 0:00:00]} Rb8 {[%emt 0:10:30]} 26. Ba4 {[%emt 0:00:00]} Kg7 {[%emt 0:07:30]} 27. Bb3 {[%emt 0:15:30]} Kf6 {[%emt 0:00:30]} 28. Kf1 {[%emt 0:01:30]} a5 {[%emt 0:03:30]} 29. Rd1 {[%emt 0:08:30]} Ke5 {[%emt 0:01:30]} 30. c3 {[%emt 0:00:00]} Rc8 {[%emt 0:07:30]} 31. Rd3 {[%emt 0:01:00]} Rc5 {[%emt 0:00:30]} 32. Ke1 {[%emt 0:01:30]} Bd7 {[%emt 0:00:00]} 33. Kd2 {[%emt 0:02:30]} a4 {[%emt 0:06:00]} 34. Bc2 {[%emt 0:00:00]} Rc4 {[%emt 0:02:30]} 35. Re3+ {[%emt 0:03:00]} Kd6 {[%emt 0:00:30]} 36. Re1 {[%emt 0:09:30]} h5 {[%emt 0:06:09]} 37. Bd3 {[%emt 0:03:30]} Rf4 {[%emt 0:03:52]} 38. Ke3 {[%emt 0:03:30]} g5 {[%emt 0:02:42]} 39. a3 {[%emt 0:05:30]} Bc6 {[%emt 0:05:00]} 40. f3 {[%emt 0:00:30]} Kc5 {[%emt 0:01:36]} 41. Rb1 {[%emt 0:00:30]} h4 {[%emt 0:01:54]} 42. Rb4 {[%emt 0:02:30]} Rf6 {[%emt 0:00:07]} 43. Rg4 {[%emt 0:01:30]} Re6+ {[%emt 0:00:30]} 44. Kd2 {[%emt 0:00:00]} f6 45. f4 {[%emt 0:00:00]} Re8 {[%emt 0:03:58]} 46. fxg5 {[%emt 0:00:30]} fxg5 {[%emt 0:00:01]} 47. Rxg5 {[%emt 0:01:30]} Rf8 {[%emt 0:00:04]} 48. Rg4 {[%emt 0:05:12]} Rf2+ {[%emt 0:00:41]} 49. Kc1 {[%emt 0:00:17]} Bd7 {[%emt 0:00:56]} 50. Rg5 {[%emt 0:03:14]} Bc6 {[%emt 0:00:30]} 51. Rg7 {[%emt 0:02:55]} Rf4 {[%emt 0:00:54]} 52. Rg5 {[%emt 0:03:29]} Rf2 {[%emt 0:00:09]} 53. Rg4 {[%emt 0:03:05]} Bd7 {[%emt 0:00:03]} 54. Rg7 {[%emt 0:01:39]} Bc6 {[%emt 0:00:12]} 1/2-1/2

[Event "5th Ordu Open 2019"]
[Site "Ordu"]
[Date "2019.04.30"]
[Round "2.13"]
[White "Sibashvili, Giorgi"]
[Black "Yasin, Hur"]
[Result "1-0"]
[WhiteElo "2398"]
[BlackElo "1959"]
[Annotator "NA"]
[PlyCount "93"]
[EventDate "2019.04.29"]
[EventType "swiss"]
[EventCountry "TUR"]
[SourceTitle "playchess.com"]
[Source "ChessBase"]
[SourceQuality "1"]
[TimeControl "5400+30"]

1. d4 {[%emt 0:01:30]} Nf6 {[%emt 0:00:30]} 2. c4 {[%emt 0:00:30]} c5 {[%emt 0:00:30]} 3. Nf3 {[%emt 0:02:30]} cxd4 {[%emt 0:00:30]} 4. Nxd4 {[%emt 0:00:30]} e6 {[%emt 0:00:30]} 5. Nc3 {[%emt 0:00:30]} Nc6 {[%emt 0:04:30]} 6. g3 {[%emt 0:06:30]} a6 {[%emt 0:06:30]} 7. Bg2 {[%emt 0:00:30]} Qc7 {[%emt 0:00:30]} 8. O-O {[%emt 0:00:30] A33: Symmetrical English: 2 Nf3 Nf6 3 d4 cxd4 4 Nxd4 e6 5 Nc3 Nc6} d6 {[%emt 0:00:30]} 9. b3 {[%emt 0:08:30]} Be7 {[%emt 0:00:30]} 10. Bb2 {[%emt 0:01:30]} Bd7 {[%emt 0:01:30]} 11. Rc1 {[%emt 0:01:30]} (11. e3 Rc8 12. Rc1 Qb8 13. Na4 Nxd4 14. Bxd4 {½-½ (27) Iturrizaga Bonelli,E (2652)-Spraggett,K (2530) Maia 2018}) 11... Qa5 {[%emt 0:01:30]} 12. Qd2 {[%emt 0:07:30]} Rc8 {[%emt 0:05:30]} 13. Rfd1 {[%emt 0:00:30]} Nxd4 {[%emt 0:01:30]} 14. Qxd4 {[%emt 0:00:30]} Bc6 {[%emt 0:00:30]} 15. Ne4 $146 {[%emt 0:10:30]} ({Predecessor:} 15. e4 O-O 16. a3 {0-1 (27) Jeanne,M (2206)-Mateo,R (2427) Cappelle-la-Grande 2013}) 15... Bxe4 {[%emt 0:07:30]} 16. Bxe4 {[%emt 0:00:30]} e5 {[%emt 0:00:00]} 17. Qe3 {[%emt 0:05:30]} Nxe4 {[%emt 0:05:00]} 18. Qxe4 {[%emt 0:00:30]} Rc6 {[%emt 0:00:30] [#]} 19. c5 $1 {[%emt 0:02:30]} O-O {[%emt 0:12:30]} 20. cxd6 {[%emt 0:02:30]} Rxd6 {[%emt 0:00:30]} 21. Qxe5 {[%emt 0:07:30]} ({Don't take} 21. Bxe5 Re6 $16) 21... Qxe5 {[%emt 0:01:30]} 22. Bxe5 {[%emt 0:00:30]} Re6 {[%emt 0:00:30]} 23. Rd5 {[%emt 0:00:00]} f6 {[%emt 0:00:30]} 24. Bf4 {[%emt 0:01:00]} Rxe2 {[%emt 0:00:30]} 25. Rd7 {[%emt 0:00:30]} Re8 {[%emt 0:02:30]} 26. Rxb7 {[%emt 0:01:30]} Bf8 {[%emt 0:03:30]} 27. a4 {[%emt 0:01:30]} Re1+ {[%emt 0:03:30]} 28. Rxe1 {[%emt 0:01:30]} Rxe1+ {[%emt 0:00:30]} 29. Kg2 {[%emt 0:00:30]} Rb1 {[%emt 0:02:30]} 30. Be3 {[%emt 0:01:30]} a5 {[%emt 0:00:30]} 31. Bd2 {[%emt 0:01:30]} Bc5 {[%emt 0:02:30]} 32. Bxa5 {[%emt 0:03:30]} Rb2 {[%emt 0:00:30]} 33. Be1 {[%emt 0:00:30]} Rb1 $18 {[%emt 0:02:30]} 34. Bc3 {[%emt 0:02:30]} Rc1 {[%emt 0:00:30]} 35. Bd2 {[%emt 0:01:30]} Rd1 {[%emt 0:01:30]} 36. Bb4 {[%emt 0:00:30]} Bxb4 {[%emt 0:04:30]} 37. Rxb4 {[%emt 0:00:30]} Ra1 {[%emt 0:00:30]} 38. Rb7 {[%emt 0:00:30]} h5 {[%emt 0:00:00]} 39. h4 {[%emt 0:00:30]} Kh7 {[%emt 0:00:00]} 40. Rb5 {[%emt 0:00:30]} Kg6 {[%emt 0:00:30]} 41. a5 {[%emt 0:00:00]} Ra3 {[%emt 0:01:30]} 42. b4 {[%emt 0:00:00]} Ra4 {[%emt 0:00:00]} 43. Rb6 {[%emt 0:00:30]} Kf5 {[%emt 0:00:00]} 44. a6 {[%emt 0:00:30]} Ke4 {[%emt 0:00:30]} 45. b5 {[%emt 0:00:30]} Kd5 {[%emt 0:02:30]} 46. Rb7 {[%emt 0:00:30]} Kc5 {[%emt 0:00:30]} 47. a7 {[%emt 0:00:30]} 1-0

[Event "5th Ordu Open 2019"]
[Site "Ordu"]
[Date "2019.04.30"]
[Round "2.14"]
[White "Kilic, Efe Mert"]
[Black "Rzayev, Askar Aliakbar"]
[Result "1/2-1/2"]
[WhiteElo "2248"]
[BlackElo "2085"]
[Annotator "NA"]
[PlyCount "41"]
[EventDate "2019.04.29"]
[EventType "swiss"]
[EventCountry "TUR"]
[SourceTitle "playchess.com"]
[Source "ChessBase"]
[SourceQuality "1"]
[TimeControl "5400+30"]

{[%evp 9,40,6,7,-2,-8,-6,0,-5,-12,-11,-13,-16,-6,-33,-16,-15,-21,-105,-65,32767,32767,-97,32767,32767,32767,32767,32767,-102,32767,32767,32767,32767,-58]} 1. e4 {[%emt 0:08:30]} c6 {[%emt 0:00:30]} 2. d4 {[%emt 0:02:30]} d5 {[%emt 0:00:30]} 3. e5 {[%emt 0:00:30]} c5 {[%emt 0:00:00]} 4. c3 {[%emt 0:00:30]} Nc6 {[%emt 0:00:00]} 5. Ne2 {[%emt 0:12:30]} e6 {[%emt 0:10:30]} 6. f4 {[%emt 0:06:30] B12: Caro-Kann: Advance Variation} (6. Nd2 Nh6 7. Nf3 Nf5 8. Ng3 cxd4 9. Nxf5 exf5 10. cxd4 Qb6 11. Be2 h6 12. a3 g5 13. h3 {½-½ (43) Yu,Y (2764)-Ghaem Maghami,E (2537) St Petersburg 2018}) 6... h5 {[%emt 0:01:30]} 7. Nd2 $146 {[%emt 0:06:30]} ({Predecessor:} 7. Be3 cxd4 8. Nxd4 Nge7 9. Bd3 g6 10. Nd2 Nf5 11. Nxf5 gxf5 {1-0 (43) Yu,L (2443)-Tian,T (2235) Hefei 2010}) 7... Nh6 {[%emt 0:00:30]} 8. Nf3 {[%emt 0:00:30]} Qb6 {[%emt 0:07:30]} 9. g3 {[%emt 0:06:30]} Nf5 {[%emt 0:03:30]} 10. Bg2 {[%emt 0:07:30]} cxd4 {[%emt 0:05:30]} 11. cxd4 {[%emt 0:00:30]} Bb4+ {[%emt 0:00:30]} 12. Kf2 {[%emt 0:00:00]} Bd7 {[%emt 0:00:30]} 13. h3 {[%emt 0:01:00]} (13. Bd2 $11 {keeps the balance.}) 13... Be7 {[%emt 0:11:30]} 14. g4 {[%emt 0:09:30]} Nh4 {[%emt 0:03:30]} 15. Kg3 {[%emt 0:06:30]} Nxg2 {[%emt 0:02:30]} 16. Kxg2 {[%emt 0:00:30]} O-O-O {[%emt 0:00:30]} 17. b3 {[%emt 0:05:30]} Qa6 {[%emt 0:08:30]} 18. Be3 {[%emt 0:03:30]} hxg4 {[%emt 0:01:30]} 19. hxg4 {[%emt 0:00:30]} Rxh1 {[%emt 0:00:30]} 20. Kxh1 {[%emt 0:00:00]} Kb8 $15 {[%emt 0:00:30]} 21. a4 {[%emt 0:13:25]} 1/2-1/2

[Event "5th Ordu Open 2019"]
[Site "Ordu"]
[Date "2019.04.30"]
[Round "2.15"]
[White "Yigit, Ahmet Yasir"]
[Black "Klekowski, Maciej"]
[Result "0-1"]
[WhiteElo "1976"]
[BlackElo "2506"]
[Annotator "TA"]
[PlyCount "103"]
[EventDate "2019.04.29"]
[EventType "swiss"]
[EventCountry "TUR"]
[SourceTitle "playchess.com"]
[Source "ChessBase"]
[SourceQuality "1"]

{[%evp 14,103,18,8,9,0,1,-9,0,-7,12,-38,-29,-42,-37,-47,0,0,0,-6,0,-31,0,-42,-51,-66,-25,-54,-35,-42,-28,-37,-19,-23,-25,-73,-60,-91,-82,-58,-72,-94,-56,-48,-45,-58,-21,-43,-27,-55,0,0,0,0,0,0,0,0,0,0,12,4,8,0,0,-230,-195,-286,-268,-397,-356,-389,-391,-609,-566,-730,-731,-658,-703,-2078,-687,-1788,-1735,-2109,-1101,-29987,-29983,-29983,-29984,-29984,-29985,-29981]} 1. e4 c5 2. Nf3 Nc6 3. d4 cxd4 4. Nxd4 e6 5. Nxc6 bxc6 6. Bd3 Nf6 7. O-O Qc7 8. Qe2 d5 {B40: Sicilian: 2...e6, Unusual lines} (8... d6 9. f4 Rb8 10. Nd2 Nd7 11. b3 Be7 12. Bb2 Bf6 13. e5 dxe5 14. Ne4 Be7 15. fxe5 O-O 16. Qh5 {1-0 (49) Kowalczyk,R (2242)-Robak,Z (2216) Jastrzebia Gora 2018}) 9. e5 Nd7 10. f4 Nc5 {The position is equal.} 11. Be3 a5 $146 ({Predecessor:} 11... Nxd3 12. Qxd3 Be7 13. Nd2 O-O 14. b3 a5 15. Bd4 c5 16. Bb2 a4 {0-1 (29) Sollid,S (2039)-Bebchuk,L (2089) Plovdiv 2013}) 12. Bxc5 Bxc5+ 13. Kh1 O-O 14. Nd2 f5 15. exf6 gxf6 16. Rae1 Ra7 17. Rf3 Qd6 18. Ref1 Rg7 19. Qe1 a4 20. Qh4 Rff7 21. Rg3 Rxg3 22. Qxg3+ Rg7 23. Qh4 Qe7 24. a3 Bd7 25. f5 {With the idea fxe6.} e5 {...e4 is the strong threat.} 26. Qxa4 e4 27. Qa8+ Qe8 (27... Qf8 {keeps more tension.} 28. Qxf8+ Kxf8 29. Be2 Be3 30. Nb1 Ke7) 28. Qxe8+ Bxe8 29. Be2 Be3 {[%mdl 1024] Black has compensation.} (29... Bd4 $5 {[%cal Rd4b2]} 30. Rb1 Be5 $15) 30. Rd1 Kf8 31. c4 Ba7 (31... Rd7 $15) 32. b4 $1 $11 Rd7 33. g4 Be3 34. cxd5 cxd5 35. Bb5 Rd8 36. Bxe8 Kxe8 {[%mdl 4096] Endgame KRB-KRN} 37. Nb3 Ke7 38. Na5 {Hoping for Nc6+.} Rd7 39. Nc6+ $2 (39. b5 $11 {and White is okay.}) 39... Kd6 $19 40. b5 {[#]} (40. Na5 {is a better defense.} Rc7 41. b5) 40... Kc5 $1 41. a4 (41. Nb4 $142) 41... d4 {[%cal Bd5d4,Bd4d3][%mdl 32]} 42. Kg2 d3 43. h3 (43. Kg3 $142 h5 44. Nb8) 43... Bf4 44. Kf2 e3+ 45. Kf3 e2 46. Rb1 {[#]} Bg5 (46... Bg3 $142 $1 {[%mdl 512]} 47. Nb4 (47. Kxg3 d2) 47... e1=Q 48. Rxe1 Bxe1 49. Nxd3+ Rxd3+ 50. Ke2 Rxh3 51. Kxe1 Rg3) 47. Nb4 Kc4 48. b6 Bd2 49. a5 e1=Q {Black mates.} 50. Rxe1 Bxe1 51. Nxd3 Rxd3+ ({Not} 51... Kxd3 52. a6 $11) 52. Ke2 {Accuracy: White = 33%, Black = 60%.} 0-1

[Event "5th Ordu Open 2019"]
[Site "Ordu"]
[Date "2019.04.30"]
[Round "2.16"]
[White "Zahedifar, Anahita"]
[Black "Ozsakallioglu, Akin"]
[Result "1-0"]
[WhiteElo "2185"]
[BlackElo "2065"]
[Annotator "NA"]
[PlyCount "65"]
[EventDate "2019.04.29"]
[EventType "swiss"]
[EventCountry "TUR"]
[SourceTitle "playchess.com"]
[Source "ChessBase"]
[SourceQuality "1"]
[TimeControl "5400+30"]

1. d4 {[%emt 0:00:30]} Nf6 {[%emt 0:00:30]} 2. c4 {[%emt 0:00:30]} g6 {[%emt 0:00:00]} 3. Nc3 {[%emt 0:00:00]} Bg7 {[%emt 0:00:00]} 4. e4 {[%emt 0:00:00]} d6 {[%emt 0:00:30]} 5. f4 {[%emt 0:00:00]} O-O {[%emt 0:00:30]} 6. Nf3 {[%emt 0:00:00]} c5 {[%emt 0:01:30]} 7. d5 {[%emt 0:00:30]} e6 {[%emt 0:00:30]} 8. Be2 {[%emt 0:00:30]} exd5 {[%emt 0:00:30]} 9. cxd5 {[%emt 0:00:00]} Bg4 {[%emt 0:00:30]} 10. O-O {[%emt 0:00:00]} Nbd7 {[%emt 0:01:30]} 11. h3 {[%emt 0:00:30]} Bxf3 $1 {[%emt 0:00:30]} 12. Bxf3 {[%emt 0:00:30]} Re8 {[%emt 0:00:30]} 13. Re1 {[%emt 0:05:30]} a6 {[%emt 0:02:30]} 14. a4 {[%emt 0:00:30]} Rb8 {[%emt 0:08:30]} 15. a5 {[%emt 0:04:30] A68: Modern Benoni: Four Pawns Attack without 9...Re8} (15. Be3 b5 16. axb5 axb5 17. Bf2 b4 18. Na4 Kh8 19. b3 Ng8 20. Ra2 g5 21. e5 gxf4 22. exd6 Rxe1+ 23. Qxe1 {½-½ (45) Fier,A (2609)-Minasian,A (2505) Jermuk 2013}) 15... b5 {[%emt 0:01:30]} 16. axb6 $1 {[%emt 0:00:30] Discovered Attack} Rxb6 {[%emt 0:00:30]} 17. Na4 {[%emt 0:06:30]} Rb4 {[%emt 0:46:30]} 18. Bd2 {[%emt 0:04:30]} Rbxe4 $146 {[%emt 0:00:30]} ({Predecessor:} 18... Rd4 19. Qc2 Bh6 20. Be3 Rb4 21. Bd2 Rd4 22. Be3 Rb4 {0-1 (41) Simantsev,M (2409)-Berelowitsch,A (2492) Kharkov 1999}) 19. Bxe4 {[%emt 0:00:00]} Nxe4 $14 {[%emt 0:00:30]} 20. Bc3 {[%emt 0:07:00]} Bh6 {[%emt 0:01:30]} 21. Qf3 {[%emt 0:09:30]} f5 {[%emt 0:00:30]} 22. g4 {[%emt 0:04:30]} Qe7 {[%emt 0:13:33]} 23. Re2 {[%emt 0:11:30]} Qf7 {[%emt 0:02:29]} 24. Rae1 {[%emt 0:02:30]} Rb8 {[%emt 0:04:11]} 25. g5 {[%emt 0:08:30]} Bf8 {[%emt 0:00:50]} 26. Qd3 {[%emt 0:01:30]} Rb5 {[%emt 0:01:14]} 27. h4 {[%emt 0:02:30]} c4 {[%emt 0:07:00]} 28. Qd4 {[%emt 0:01:30]} Qxd5 {[%emt 0:01:28]} 29. Qh8+ {[%emt 0:04:30]} Kf7 {[%emt 0:00:36]} 30. Qxh7+ {[%emt 0:01:30]} Ke8 {[%emt 0:00:05]} 31. Qxg6+ {[%emt 0:01:30]} Kd8 {[%emt 0:00:06]} 32. Rxe4 {[%emt 0:02:30]} fxe4 {[%emt 0:00:30]} 33. Qxe4 {[%emt 0:00:00]} 1-0

[Event "5th Ordu Open 2019"]
[Site "Ordu"]
[Date "2019.04.30"]
[Round "2.17"]
[White "Daghan, Devran"]
[Black "Aytekin, Murat Eren"]
[Result "0-1"]
[WhiteElo "1993"]
[BlackElo "2134"]
[Annotator "NA"]
[PlyCount "84"]
[EventDate "2019.04.29"]
[EventType "swiss"]
[EventCountry "TUR"]
[SourceTitle "playchess.com"]
[Source "ChessBase"]
[SourceQuality "1"]
[TimeControl "5400+30"]

1. d4 {[%emt 0:03:30]} g6 {[%emt 0:00:30]} 2. Bf4 {[%emt 0:00:30]} Bg7 {[%emt 0:00:30]} 3. e3 {[%emt 0:01:30]} d6 {[%emt 0:00:00]} 4. Nf3 {[%emt 0:01:30]} Nd7 {[%emt 0:00:00]} 5. Nbd2 {[%emt 0:04:30]} e5 {[%emt 0:02:30]} 6. dxe5 {[%emt 0:05:30]} dxe5 {[%emt 0:01:30]} 7. Bg5 {[%emt 0:07:30]} Ne7 {[%emt 0:06:30]} (7... f6 $5 8. Bh4 $8 Nh6 $11) 8. Bc4 {[%emt 0:11:30]} h6 {[%emt 0:02:30]} 9. Bh4 {[%emt 0:04:30]} O-O {[%emt 0:01:30]} 10. Ne4 {[%emt 0:09:30]} a6 $11 {[%emt 0:23:30]} 11. Qe2 {[%emt 0:07:30]} Qe8 {[%emt 0:05:30]} 12. O-O-O {[%emt 0:08:30]} Nf5 {[%emt 0:04:30]} 13. Rxd7 {[%emt 0:10:30]} Bxd7 {[%emt 0:03:30]} 14. Nf6+ {[%emt 0:01:24]} Bxf6 {[%emt 0:00:30]} 15. Bxf6 {[%emt 0:00:00]} e4 {[%emt 0:02:30]} 16. Ne5 {[%emt 0:01:21]} Be6 {[%emt 0:01:30]} 17. g4 {[%emt 0:14:05]} Nd6 {[%emt 0:01:30]} 18. Bb3 {[%emt 0:04:35]} Bxb3 {[%emt 0:01:30]} 19. axb3 {[%emt 0:00:04]} Qe6 {[%emt 0:01:30]} 20. g5 {[%emt 0:00:15]} h5 {[%emt 0:01:30]} 21. Rd1 {[%emt 0:01:43]} a5 {[%emt 0:00:30]} 22. c4 {[%emt 0:00:27]} b6 {[%emt 0:02:30]} 23. Nc6 {[%emt 0:00:33]} a4 {[%emt 0:00:30]} 24. Ne7+ {[%emt 0:00:53]} Kh7 {[%emt 0:00:30]} 25. Nd5 {[%emt 0:00:00]} axb3 {[%emt 0:02:30]} 26. Bc3 {[%emt 0:00:23]} Ra1+ {[%emt 0:01:30]} 27. Kd2 {[%emt 0:00:01]} Rxd1+ {[%emt 0:03:30]} 28. Kxd1 {[%emt 0:00:13]} Ne8 {[%emt 0:00:30]} 29. f4 {[%emt 0:01:21]} c6 {[%emt 0:01:30]} 30. Nxb6 {[%emt 0:00:30]} Nd6 {[%emt 0:00:30]} 31. Bf6 {[%emt 0:00:23]} Rb8 {[%emt 0:00:30]} 32. c5 {[%emt 0:00:25]} Ne8 {[%emt 0:00:30]} 33. Bd4 {[%emt 0:00:38]} Ng7 {[%emt 0:01:30]} 34. Qc4 {[%emt 0:00:40]} Qg4+ {[%emt 0:01:30]} 35. Kd2 {[%emt 0:00:30]} Ne6 {[%emt 0:00:30]} 36. Nd7 {[%emt 0:00:28]} Qg2+ {[%emt 0:00:30]} 37. Ke1 {[%emt 0:00:35]} Ra8 {[%emt 0:03:30]} 38. Nf6+ {[%emt 0:00:14]} Kg7 {[%emt 0:00:30]} 39. Nd7+ {[%emt 0:00:44]} Kg8 {[%emt 0:00:30]} 40. Nf6+ {[%emt 0:00:31]} Kf8 {[%emt 0:00:00]} 41. Qe2 {[%emt 0:00:19]} Qg1+ {[%emt 0:01:00]} 42. Kd2 {[%emt 0:00:30]} Nxd4 {[%emt 0:00:00]} 0-1

[Event "5th Ordu Open 2019"]
[Site "Ordu"]
[Date "2019.04.30"]
[Round "2.18"]
[White "Uzunoglu, Efe Kerem"]
[Black "Alumert, Orkun Efe"]
[Result "1/2-1/2"]
[WhiteElo "2106"]
[BlackElo "2045"]
[Annotator "NA"]
[PlyCount "47"]
[EventDate "2019.04.29"]
[EventType "swiss"]
[EventCountry "TUR"]
[SourceTitle "playchess.com"]
[Source "ChessBase"]
[SourceQuality "1"]
[TimeControl "5400+30"]

1. d4 {[%emt 0:00:30]} Nf6 {[%emt 0:00:30]} 2. Nf3 {[%emt 0:00:30]} g6 {[%emt 0:00:30]} 3. Bf4 {[%emt 0:00:30]} Bg7 {[%emt 0:00:00]} 4. e3 {[%emt 0:01:30]} O-O {[%emt 0:00:00]} 5. Be2 {[%emt 0:00:30]} d6 {[%emt 0:00:30]} 6. O-O {[%emt 0:00:30]} Nc6 {[%emt 0:03:30]} 7. h3 {[%emt 0:00:30]} Nd7 {[%emt 0:00:30]} 8. c4 {[%emt 0:00:30]} e5 {[%emt 0:00:30]} 9. Bh2 {[%emt 0:00:00]} exd4 {[%emt 0:00:30]} 10. exd4 {[%emt 0:00:00]} Qf6 {[%emt 0:00:30]} 11. Nc3 {[%emt 0:00:00]} Nxd4 {[%emt 0:03:30]} 12. Nxd4 {[%emt 0:00:00]} Qxd4 {[%emt 0:00:30]} 13. Nd5 {[%emt 0:00:30]} Qxd1 {[%emt 0:13:30]} 14. Raxd1 {[%emt 0:05:30]} c6 $1 {[%emt 0:02:30]} 15. Ne7+ {[%emt 0:12:30]} Kh8 {[%emt 0:01:30]} 16. Bxd6 {[%emt 0:00:30]} Re8 {[%emt 0:01:30]} 17. Bf3 {[%emt 0:24:30]} Ne5 {[%emt 0:04:30]} 18. Bxe5 {[%emt 0:03:30]} Bxe5 $11 {[%emt 0:00:30]} 19. Nxc8 {[%emt 0:05:30]} Raxc8 {[%emt 0:02:30]} 20. Rd7 {[%emt 0:00:30]} Rc7 {[%emt 0:00:30]} 21. Rfd1 {[%emt 0:01:30]} Rec8 {[%emt 0:01:30]} 22. b4 {[%emt 0:02:30]} Rxd7 {[%emt 0:00:30]} 23. Rxd7 {[%emt 0:00:30]} Rc7 {[%emt 0:00:30]} 24. Rxc7 {[%emt 0:00:30]} 1/2-1/2